| 000 | 00606nam a2200145Ia 4500 | ||
|---|---|---|---|
| 008 | 140724s9999 xx 000 0 und d | ||
| 050 |
_aHF 5549.5 _b.C164 2012 |
||
| 100 | _aCalmerin, Lemuel Gerald M. | ||
| 245 | 4 |
_aThe effects of compensation and benefits on the job satisfaction of employees of human resource and compliance departments of DB Schenker Sucat / _cLemuel Gerald M. Calmerin. |
|
| 260 |
_aLas PiƱas, Philippines : _bSouthville International School and Colleges, _cc2012. |
||
| 300 |
_a77 p. : _bcol. Ill. ; _c28 cm. |
||
| 521 | _aHuman Resource Management | ||
| 942 | _cTH | ||
| 999 |
_c229037 _d229037 |
||